| 000 | 00433nam a2200157Ia 4500 | ||
|---|---|---|---|
| 008 | 210716s2010 xx 000 0 und d | ||
| 020 | _a9788130912165 | ||
| 041 | _aeng | ||
| 082 | _a519.5 ASQD | ||
| 100 | _aAsquith, David. | ||
| 245 |
_aStatistics: from concept to practice. _bFrom concept to practice. |
||
| 250 | _a1 | ||
| 260 |
_aNew Delhi _bViva Books _c2010 |
||
| 300 | _axii,379 | ||
| 650 | _aStatistical Mathematics(519.5) | ||
| 999 |
_c192597 _d192597 |
||